Indian society and social system (A) (Record no. 9258)

MARC details
000 -LEADER
fixed length control field 00634cam a2200229ua 4500
008 - FIXED-LENGTH DATA ELEMENTS--GENERAL INFORMATION
fixed length control field 171111n ii |||gr||||Z||||||asm
020 ## - INTERNATIONAL STANDARD BOOK NUMBER
International Standard Book Number 9789383580439
040 ## - CATALOGING SOURCE
Transcribing agency MAIN
041 ## - LANGUAGE CODE
-- asm
082 ## - DEWEY DECIMAL CLASSIFICATION NUMBER
Classification number 301.0954
100 ## - MAIN ENTRY--PERSONAL NAME
Personal name Sharma, Dipankar,
Relator term
245 ## - TITLE STATEMENT
Title Indian society and social system (A)
Statement of responsibility, etc. By Dipankar Sharma and others
250 ## - EDITION STATEMENT
Edition statement 1st ed.
260 ## - PUBLICATION, DISTRIBUTION, ETC.
Place of publication, distribution, etc. Guwahati:
Name of publisher, distributor, etc. Shanti educational foundation,
Date of publication, distribution, etc. 2015.
300 ## - PHYSICAL DESCRIPTION
Extent 272p.
700 ## - ADDED ENTRY--PERSONAL NAME
Personal name Saikia, Nitul,
Relator term
700 ## - ADDED ENTRY--PERSONAL NAME
Personal name Bordoloi, Indushree,
Relator term
942 ## - ADDED ENTRY ELEMENTS (KOHA)
Koha item type Books
653 ## - INDEX TERM--UNCONTROLLED
Uncontrolled term Sociology & anthropology
653 ## - INDEX TERM--UNCONTROLLED
Uncontrolled term Bharatiya samaj
Holdings
Withdrawn status Lost status Damaged status Not for loan Home library Current library Shelving location Date acquired Total Checkouts Full call number Barcode Date last seen Date last checked out Copy number Price effective from Koha item type Date due
        Central Library, Naharkatiya College Central Library, Naharkatiya College General Stacks 19/09/2020 5 301.0954 | SHA 24215 15/12/2022 30/11/2022 2 19/09/2020 Books  
        Central Library, Naharkatiya College Central Library, Naharkatiya College General Stacks 19/09/2020 11 301.0954 | SHA 24216 22/02/2024 12/02/2024 1 19/09/2020 Books  
        Central Library, Naharkatiya College Central Library, Naharkatiya College General Stacks 19/09/2020 3 301.0954 | SHA 24217 17/08/2021 17/08/2021 3 19/09/2020 Books 03/09/2021
        Central Library, Naharkatiya College Central Library, Naharkatiya College General Stacks 19/09/2020 4 301.0954 | SHA 24218 30/10/2023 16/10/2023 5 19/09/2020 Books  
        Central Library, Naharkatiya College Central Library, Naharkatiya College General Stacks 19/09/2020 6 301.0954 | SHA 24219 16/05/2025 13/05/2025 4 19/09/2020 Books  

Naharkatiya College © 2020. All rights reserved.

Powered By